Statistiques concernant Reconnaissance Arthropodes communs

Cliquez ici pour prendre le quiz!

Statistiques générales

  • Ce quiz a été pris 83 fois
  • Le résultat moyen est 14 sur 34

Statistiques - réponses

Réponse% Correct
Moro-Sphinx
83%
Tique
83%
Perce-oreille
80%
Gendarme
75%
Hanneton commun
75%
Cousin
71%
Cloporte
60%
Mante religieuse
60%
Cétoine doré
57%
Moustique tigre
50%
Épeire diadème
40%
Punaise verte
40%
Abeille domestique
33%
Carabe doré
33%
Frelon d’Europe
33%
Le Machaon
33%
Punaise arlequin
30%
iule
29%
Argiope frelon
25%
Chrysope verte
25%
Coccinelle à deux points
25%
Le Citron
25%
abeille charpentière
22%
Tégénaire noir
20%
Bourdon terrestre
17%
Cicadelle verte
17%
Guêpe commune
17%
Paon-du-jour
17%
Piéride du choux
17%
Cuivré commun
14%
Zygène de la Filipendule
14%
Abeille des sables
0%
Acarien velouté
0%
Blatte des bois
0%
Cercope sanguin
0%
Clyte bélier
0%
Crache-sang
0%
Dieae dorsata
0%
Dorytomus longimanus
0%
Ephipigère des vignes
0%
Érèse coccinelle
0%
Faucheur arrondi
0%
Fourmi noire des jardins
0%
Gastéruption à javelot
0%
Grillon des bois
0%
Le Cardinal
0%
Le Souci
0%
Lithobie
0%
Méconème tambourinaire
0%
Mygale à chaussettes
0%
Neomyia cornicina
0%
Oedipode turquoise
0%
Pholque phalangide
0%
Pisaure admirable
0%
Poliste commun
0%
Puceron des rosiers
0%
Saltique chevronnée
0%
Syrphe ceinturé
0%
Tenthredo arcuata
0%
Trichie facsciée
0%

Distribution des résultats

Percentile par nombre de réponses

% des personnes avec chaque résultat

Votre développement - résultats

Vous n’avez pas pris ce quiz